BUSINESS GUIDE TO TRADE AND INVESTMENT : VOLUME 1

Bibliographic Details
Format: Book
Published: Paris, France: International Chamber of Commerce, 2017.
LEADER 00606cam a2200193 7i4500
001 0000035363
005 20230126090000.0
007 ##ta
020 # # |a 9789284203772  
040 # # |a MATR 
245 0 0 |a BUSINESS GUIDE TO TRADE AND INVESTMENT :   |b VOLUME 1   |c INTERNATIONAL TRADE. 
264 # 4 |a ♭. 
264 # 1 |a Paris, France:   |b International Chamber of Commerce,   |c 2017. 
300 # # |a 335pages;   |c 28 cm. 
336 # # |a text  |2 rdacontent 
337 # # |a unmediated  |2 rdamedia 
338 # # |a volume  |2 rdacarrier 
504 # # |a Includes bibliographical references and index 
999 |a B000035363  |b Book  |c Book  |e Business Information Centre